| 000 -LEADER |
| fixed length control field |
00600nam a2200217Ia 4500 |
| 001 - CONTROL NUMBER |
| control field |
7832 |
| 003 - CONTROL NUMBER IDENTIFIER |
| control field |
GE_BSU |
| 005 - DATE AND TIME OF LATEST TRANSACTION |
| control field |
20220927103405.0 |
| 008 - FIXED-LENGTH DATA ELEMENTS--GENERAL INFORMATION |
| fixed length control field |
181216s2013en xx |||||||||||||| ||eng|| |
| 020 ## - INTERNATIONAL STANDARD BOOK NUMBER |
| International Standard Book Number |
9780672329166 |
| 040 ## - CATALOGING SOURCE |
| Transcribing agency |
GE_BSU |
| 041 ## - LANGUAGE CODE |
| Language code of text/sound track or separate title |
eng |
| 080 ## - UNIVERSAL DECIMAL CLASSIFICATION NUMBER |
| Universal Decimal Classification number |
004.41 P-91 |
| 100 ## - MAIN ENTRY--PERSONAL NAME |
| Personal name |
Plata,Stephen |
| 9 (RLIN) |
14830 |
| 245 ## - TITLE STATEMENT |
| Title |
C++Primer Plus / |
| Statement of responsibility, etc. |
Stephen Plata |
| 260 ## - PUBLICATION, DISTRIBUTION, ETC. |
| Name of publisher, distributor, etc. |
Indianapolis : |
| Place of publication, distribution, etc. |
Addison-Wesley. |
| Date of publication, distribution, etc. |
2013. |
| 300 ## - PHYSICAL DESCRIPTION |
| Extent |
1420 p.: |
| Other physical details |
Ill; |
| Dimensions |
24 cm. |
| 653 ## - INDEX TERM--UNCONTROLLED |
| keyword |
C++Primer Plus |
| 653 ## - INDEX TERM--UNCONTROLLED |
| keyword |
კომპიუტერული ტექნოლოგიები |
| 942 ## - ADDED ENTRY ELEMENTS (KOHA) |
| Koha item type |
წიგნი |
| Source of classification or shelving scheme |
|